|
|
|
|
| LEADER |
02060nam a2200469 i 4500 |
| 001 |
EBC592503 |
| 003 |
MiAaPQ |
| 005 |
20200520144314.0 |
| 006 |
m o d | |
| 007 |
cr cnu|||||||| |
| 008 |
170105t20052005dcua ob 001 0 eng d |
| 020 |
|
|
|z 9781933115108
|
| 020 |
|
|
|a 9781936331499
|q (electronic bk.)
|
| 035 |
|
|
|a (MiAaPQ)EBC592503
|
| 035 |
|
|
|a (Au-PeEL)EBL592503
|
| 035 |
|
|
|a (CaPaEBR)ebr11165030
|
| 035 |
|
|
|a (CaONFJC)MIL366388
|
| 035 |
|
|
|a (OCoLC)704257958
|
| 040 |
|
|
|a MiAaPQ
|b eng
|e rda
|e pn
|c MiAaPQ
|d MiAaPQ
|
| 050 |
|
4 |
|a HC85
|b .S337 2005
|
| 082 |
0 |
|
|a 333.7
|2 22
|
| 245 |
0 |
0 |
|a Scarcity and growth revisited :
|b natural resources and the environment in the new millennium /
|c R. David Simpson, Michael A. Toman, Robert U. Ayres, editors.
|
| 264 |
|
1 |
|a Washington, District of Columbia :
|b Resources for the Future,
|c 2005.
|
| 264 |
|
4 |
|c 2005
|
| 300 |
|
|
|a 1 online resource (305 pages) :
|b illustrations
|
| 336 |
|
|
|a text
|2 rdacontent
|
| 337 |
|
|
|a computer
|2 rdamedia
|
| 338 |
|
|
|a online resource
|2 rdacarrier
|
| 500 |
|
|
|a "An RFF Press book"--Title page verso.
|
| 504 |
|
|
|a Includes bibliographical references at the end of each chapters and index.
|
| 588 |
|
|
|a Description based on print version record.
|
| 590 |
|
|
|a Electronic reproduction. Ann Arbor, MI : ProQuest, 2016. Available via World Wide Web. Access may be limited to ProQuest affiliated libraries.
|
| 650 |
|
0 |
|a Natural resources
|x Management.
|
| 650 |
|
0 |
|a Sustainable development.
|
| 650 |
|
0 |
|a Environmental policy.
|
| 655 |
|
4 |
|a Electronic books.
|
| 700 |
1 |
|
|a Simpson, Ralph David,
|e editor.
|
| 700 |
1 |
|
|a Toman, Michael A.,
|e editor.
|
| 700 |
1 |
|
|a Ayres, Robert U.,
|e editor.
|
| 776 |
0 |
8 |
|i Print version:
|t Scarcity and growth revisited : natural resources and the environment in the new millennium.
|d Washington, District of Columbia : Resources for the Future, c2005
|h xi, 292 pages
|z 9781933115108
|w 2004030206
|
| 797 |
2 |
|
|a ProQuest (Firm)
|
| 856 |
4 |
0 |
|u https://ebookcentral.proquest.com/lib/matrademy/detail.action?docID=592503
|z Click to View
|